Statistics for The Semi-Ultimate FRIENDS Character Quiz

Click here to take the quiz!

General Stats

  • This quiz has been taken 1,278 times
    (1,268 since last reset)
  • The average score is 44 of 80

Answer Stats

Hint Answer % Correct
(#1)The ChefMonica Geller
100%
(#3)The PaleontologistRoss Geller
100%
(#4)The "Data Processor"/ Jr. CopyrighterChandler Bing
99%
(#5)The ActorJoey Tribbiani
99%
(#6)The Waitress/ Fashion ExecRachel Green
99%
#2's Second NieceChandler Buffay
99%
(#2)The Masseuse/ MusicianPhoebe Buffay
99%
#4's Annoying Off and On GirlfriendJanice Litman
98%
The Central Perk BaristaGunther "Central Perk"
98%
#3's First WifeCarol Willick
97%
#1's and #4's SonJack Geller-Bing
95%
#1's and #3's FatherJack Geller
95%
#3's First Wife's New WifeSusan Bunch
95%
#1's Opthamologist BoyfriendRichard Burke
94%
#3's Second WifeEmily Waltham
92%
#1's and #3's MotherJudy Geller
92%
#2's HusbandMike Hannigan
90%
#3's and #6's DaughterEmma Geller-Green
85%
#6's First HusbandBarry (Finkle) Farber
85%
#6's Assistant/BoyfriendTag Jones
83%
#2's Twin SisterUrsula Buffay
81%
#2's FatherFrank Buffay
80%
#2's Physicist BoyfriendDavid
79%
#3's SonBen Geller
79%
#6's Fun Italian FlingPaolo
76%
#1's Software Designer/ UFC BoyfriendPete Becker
76%
#3's College Student GirlfriendElizabeth Stevens
72%
#2's Teacher BoyfriendEric
71%
#2's BrotherFrank Buffay Jr.
71%
#6's Boyfriend/ Father of Ross's GirlfriendPaul Stevens
70%
#3's Bald GirlfriendBonnie
70%
#4's Actress Girlfriend, earlier with #5Kathy
66%
#1's and #3's Children's Birth MotherErica
65%
#3's Season 8 GirlfriendMona
65%
#1's and #4's DaughterErica Geller-Bing
65%
#6's Customer/ BoyfriendJoshua Burgin
63%
#2's Cop BoyfriendGary
62%
#6's Older SisterAmy Green
61%
#6's Younger SisterJill Green
60%
#2's Sister-in-lawAlice Knight
60%
#5's Roommate/GirlfriendJanine Lecroix
59%
(1)#5's Sisters:Mary Angela
57%
#2's MotherLily Buffay
55%
#2's NephewFrank Buffay Jr. Jr.
54%
#4's MotherNora Tyler Bing
54%
The Big Fat NeighborUgly Naked Guy
52%
#5's AgentEstelle Leonard
52%
The Downstairs NeighborMr. Heckles
51%
Chandler's Crazy RoommateEddie Menuek
50%
#3's Paleontologist GirlfriendJulie
48%
Rachel's Former Best FriendMindy
48%
(7)Cookie
45%
#6's Co-worker (Bloomingdale's)Mark Robinson
44%
#6's Neighbor/BoyfriendDanny
39%
#2's First NieceLeslie Buffay
39%
The Building's SuperMr. Treeger
34%
#6's Co-worker/ Love InterestGavin Mitchell
34%
#4's FatherCharles Bing
33%
#6's Fifth Boss (Ralph Lauren)Mr. Zelner
31%
#6's FatherDr. Leonard Green
26%
(2)Mary Therese
24%
#6's Third Boss (Bloomingdale's)Joanna
24%
(4)Dina
23%
#6's MotherSandra Green
23%
#5's FatherJoseph Tribbiani Sr.
18%
#2's Birth MotherPhoebe Abbot Sr.
17%
#5's MotherGloria Tribbiani
17%
(3)Gina
17%
#6's Co-worker (Bloomingdale's)Sophie
16%
(5)Tina
15%
#6's First Boss and owner of Central PerkTerry
12%
#1's Boss (Alessandro's)Alessandro
12%
(6)Veronica
8%
#2's Coworker and ex-Barista (and Gunther's Roommate)Jasmine
7%
#3's Other Paleontologist Girlfriend, Prev. with #5Charlie Wheeler
7%
#4's Second Boss (Ad Firm)Steve
6%
#6's Fourth Boss (Ralph Lauren)Kim
5%
#4's First Boss (Post Promotion)Doug
4%
#3's Boss (the Museum)Donald
2%
The Friends' Recurring DoctorDr. Long
2%

Score Distribution

Percentile by Number Answered

Percent of People with Each Score

Your Score History

You have not taken this quiz since the last reset